Library Banner

Qauma mukhtar/ (Record no. 96591)

MARC details
000 -LEADER
fixed length control field 00413nam a22001457a 4500
005 - DATE AND TIME OF LATEST TRANSACTION
control field 20170807112122.0
008 - FIXED-LENGTH DATA ELEMENTS--GENERAL INFORMATION
fixed length control field 170807b xxu||||| |||| 00| 0 eng d
040 ## - CATALOGING SOURCE
Transcribing agency PK-LaUMT
082 ## - DEWEY DECIMAL CLASSIFICATION NUMBER
Classification number ZIAC 297.016
Item number MUH-Q
100 ## - MAIN ENTRY--PERSONAL NAME
Personal name Muhayudin Atiya
245 ## - TITLE STATEMENT
Title Qauma mukhtar/
Statement of responsibility, etc Muhayudin Atiya
260 ## - PUBLICATION, DISTRIBUTION, ETC. (IMPRINT)
Place of publication, distribution, etc بیروت:
Name of publisher, distributor, etc المعھد العالمی للفکر الاسلامی،
Date of publication, distribution, etc 1992
300 ## - PHYSICAL DESCRIPTION
Extent 111 ص
942 ## - ADDED ENTRY ELEMENTS (KOHA)
Koha item type Books
Holdings
Withdrawn status Lost status Damaged status Home library Current library Date acquired Full call number Barcode Date last seen Price effective from Koha item type
      UMT Main Campus UMT Main Campus 2017-08-07 ZIAC 297.016 MUH-Q 112054 2017-08-07 2017-08-07 Books